BIBLIOTECA PODER JUDICIAL
Portal Judicial TDF

Efectos patrimoniales en el matrimonio y las uniones convivenciales : (Registro nro. 5784)

000 -LEADER
fixed length control field 01261nab a22002417a 4500
003 - CONTROL NUMBER IDENTIFIER
control field OSt
005 - DATE AND TIME OF LATEST TRANSACTION
control field 20260106180224.0
008 - FIXED-LENGTH DATA ELEMENTS--GENERAL INFORMATION
fixed length control field 190514b xxu||||| |||| 00| 0 spa d
040 ## - CATALOGING SOURCE
Transcribing agency PJ
100 ## - MAIN ENTRY--PERSONAL NAME
9 (RLIN) 6692
Personal name Giraudo Esquivo, Nicolás
245 10 - TITLE STATEMENT
Title Efectos patrimoniales en el matrimonio y las uniones convivenciales :
Remainder of title Recompensas. Funcionamiento. Cálculo. Perspectiva de género /
Statement of responsibility, etc Nicolás Giraudo Esquivo.
300 ## - PHYSICAL DESCRIPTION
Extent p. 107-123
505 ## - FORMATTED CONTENTS NOTE
Formatted contents note Sumario: I. Introducción.— II. Efectos patrimoniales en el matrimonio y las uniones convivenciales.— III. Regímenes patrimoniales del matrimonio y las recompensas.— IV. La actualización de las recompensas y el flagelo de la inflación.— V. Perspectiva de género y recompensas.— VI. Conclusiones.
505 ## - FORMATTED CONTENTS NOTE
Title Si te interesa el texto, comunicate a koha@justierradelfuego.gov.ar
650 #0 - SUBJECT ADDED ENTRY--TOPICAL TERM
9 (RLIN) 967
Topical term or geographic name as entry element DERECHO DE FAMILIA
650 #0 - SUBJECT ADDED ENTRY--TOPICAL TERM
Topical term or geographic name as entry element CODIGO CIVIL Y COMERCIAL
9 (RLIN) 1497
650 #0 - SUBJECT ADDED ENTRY--TOPICAL TERM
Topical term or geographic name as entry element UNIONES CONVIVENCIALES
9 (RLIN) 1053
650 #0 - SUBJECT ADDED ENTRY--TOPICAL TERM
Topical term or geographic name as entry element REGIMEN PATRIMONIAL DEL MATRIMONIO
9 (RLIN) 723
650 #0 - SUBJECT ADDED ENTRY--TOPICAL TERM
Topical term or geographic name as entry element RÉGIMEN DE COMUNIDAD DE BIENES
9 (RLIN) 5328
650 #0 - SUBJECT ADDED ENTRY--TOPICAL TERM
Topical term or geographic name as entry element PERSPECTIVA DE GÉNERO
9 (RLIN) 4044
773 0# - HOST ITEM ENTRY
Host Biblionumber 2844
Host Itemnumber 3222
Place, publisher, and date of publication Buenos Aires : AbeledoPerrot, 1989-
Title Derecho de familia. N° 115 - Julio 2024
International Standard Book Number 18511201
942 ## - ADDED ENTRY ELEMENTS (KOHA)
Source of classification or shelving scheme
Koha item type Analítica Artículo de Revista

No hay ítems disponibles.

12 de Octubre 789 Ushuaia - Tel:  54(02901)441571
Horario de Atención: 8.00 a 17.00 hs. 
bibliotecaush@justierradelfuego.gov.ar
koha@justierradelfuego.gov.ar
Seguinos en nuestras redes @bibliojustdf 

Con tecnología Koha